Betlehemes találkozó Szatmárnémetiben
Elmentve itt :
| Szerző: | |
|---|---|
| Adatforrás: | Meister |
| Forrásdokumentuma: | Művelődés. - 2 sz., 1993, 28-30 p. |
| Nyelv: | magyar |
| Kulcsszavak: | etnográfia népszokások karácsonyi szokások betlehemezés Szatmárnémeti ERDÉLYI Zsuzsanna |
| LEADER | 00533nab a2200181 i 4500 | ||
|---|---|---|---|
| 001 | bibPRO00003097 | ||
| 008 | 060524s1993 xx hun | ||
| 040 | |a Sz1 | ||
| 041 | |a hun | ||
| 100 | 1 | |a BUDAHÁZI Emese ; BÁTHORY Éva | |
| 245 | 1 | 0 | |a Betlehemes találkozó Szatmárnémetiben |c BUDAHÁZI Emese ; BÁTHORY Éva |
| 695 | |a etnográfia | ||
| 695 | |a népszokások | ||
| 695 | |a karácsonyi szokások | ||
| 695 | |a betlehemezés | ||
| 695 | |a Szatmárnémeti | ||
| 695 | |a ERDÉLYI Zsuzsanna | ||
| 773 | 0 | |t Művelődés. - |g 2 sz., 1993, 28-30 p. | |